000 00445nam a22001577a 4500
005 20250410082647.0
008 250410b |||||||| |||| 00| 0 eng d
020 _a9780801046582
082 _a227.92077
_bNOR
100 _aHillyer,Norman
_925192
245 _aUnderstanding the bible commentary series/
_b1&2 Peter, Jude
260 _aGrand Rapids,
_bBaker,
_cc 1992
300 _ai, 286p.;
_c22cm
505 _aincludes index
942 _2ddc
_cBK
999 _c12935
_d12935